Normal view
MARC view
Entry Meeting Name
001 - CONTROL NUMBER
- control field: 26363
003 - CONTROL NUMBER IDENTIFIER
- control field: ARRUPE
005 - DATE AND TIME OF LATEST TRANSACTION
- control field: 20161004083803.0
008 - FIXED-LENGTH DATA ELEMENTS
- fixed length control field: 161004|| aca||aabn | a|a d
040 ## - CATALOGING SOURCE
- Original cataloging agency: ARRUPE
- Transcribing agency: ARRUPE
111 ## - HEADING--MEETING NAME
- Meeting name or jurisdiction name as entry element: International Conference on Apartheid and Health
- Date of meeting: (1981 :
- Location of meeting: Brazzaville, Congo)
670 ## - SOURCE DATA FOUND
- Source citation: Work cat.: (ARRUPE)0: World Health Organization 26360, Apartheid and health., 1983.